书目信息 |
| 题名: |
环境海洋学
|
|
| 作者: | 李凤岐 , 高会旺 主编 | |
| 分册: | ||
| 出版信息: | 北京 高等教育出版社 2013.05 |
|
| 页数: | 557页 | |
| 开本: | 20cm | |
| 丛书名: | ||
| 单 册: | ||
| 中图分类: | X145 | |
| 科图分类: | ||
| 主题词: | 环境地学 | |
| 电子资源: | ||
| ISBN: | 7-04-035469-1 | |
| 000 | 00623nam0 2200205 450 | |
| 001 | 2341107433 | |
| 005 | 20230215112754.75 | |
| 010 | @a7-04-035469-1@dCNY58.00 | |
| 100 | @a20230215d2013 km y0chiy0120 ea | |
| 101 | 0 | @achi |
| 102 | @aCN@b110000 | |
| 200 | 1 | @a环境海洋学@AHuan Jing Hai Yang Xue@f李凤岐,高会旺主编@FLi Feng Qi,Gao Hui Wang Zhu Bian |
| 210 | @a北京@c高等教育出版社@d2013.05 | |
| 215 | @a557页@d20cm | |
| 606 | 0 | @a环境地学 |
| 690 | @aX145@v4 | |
| 701 | 0 | @a李凤岐@ALi Feng Qi@4主编 |
| 701 | 0 | @a高会旺@AGao Hui Wang@4主编 |
| 801 | 0 | @aCN@b大连网信软件有限公司图书馆·11@c20230215 |
| 905 | @aZUCC@dX145@e281 | |
| 环境海洋学/李凤岐,高会旺主编.-北京:高等教育出版社,2013.05 |
| 557页;20cm |
| ISBN 7-04-035469-1:CNY58.00 |
| ● |
| 相关链接 |
|
|
|
|
正题名:环境海洋学
索取号:X145/281
 
预约/预借
| 序号 | 登录号 | 条形码 | 馆藏地/架位号 | 状态 | 备注 |
| 1 | 1052667 | 210526670 | 第二样本阅览室/ [索取号:X145/281] | 在馆 |